Quiz Tytularni Sponsorzy Żużlowych Klubów w Polsce - Statystyki

Ogólne statystyki
  • Ten quiz został rozwiązany 17 razy
    9 od ostatniego zresetowania
  • Średni wynik to 39 z 104
Statystyki odpowiedzi
Klub Sponsorzy % Poprawnych
PoloniaBydgoszcz Abramczyk
100%
Unia Leszno Fogo
100%
Ks Toruń Apator
83%
Wanda Kraków Arge
83%
Wilki Krosno CellFast
83%
Stal Rzeszów Marma
83%
Zielona Góra Stelmet
83%
Wybrzeże Zdunek
83%
GKM Zooleszcz
83%
Sparta Wrocław Atlas
67%
GKM BayerSystem
67%
Sparta Wrocław Betard
67%
Ks Toruń Get Well
67%
Unia Tarnów Grupa Azoty
67%
PSŻ Poznań Hunters
67%
Row Rybnik Innpro
67%
Kolejarz Rawicz Metalika
67%
Motor Lublin Orlen Oil
67%
PSŻ Poznań Orzechowa Osada
67%
Stal Rzeszów Pge
67%
Wybrzeże Renault
67%
Orzeł Łódź Skrzydlewska
67%
Motor Lublin Speed Car
67%
Ks Toruń Adriana
50%
Unia Tarnów Autona
50%
Stal Gorzów Caelum
50%
Stal Gorzów Ebut
50%
Zielona Góra Enea
50%
Wybrzeże Energa
50%
Ks Toruń Ewinner
50%
Stal Gorzów Gezet
50%
Włókniarz KronoPlast
50%
PSŻ Poznań | Start Gniezno Lechma
50%
Wybrzeże Lotos
50%
Ostrów Wlkp Moonfin
50%
Row Rybnik PGG
50%
Ks Toruń Pres
50%
Zielona Góra Spar
50%
Włókniarz Tauron
50%
Stal Rzeszów Texom
50%
Ks Toruń Unibax
50%
Ostrów Wlkp Agred
33%
Polonia Piła Budmax
33%
Stal Gorzów Cash Broker
33%
PSŻ Poznań Ebebe
33%
Włókniarz Eltrox
33%
Włókniarz ForBet
33%
Ks Toruń For Nature Solutions
33%
Wanda Kraków Instal
33%
Kolejarz Rawicz InterMarche
33%
PoloniaBydgoszcz Jutrzenka
33%
Zielona Góra Kronopol
33%
Zielona Góra Marwis
33%
Stal Gorzów Moje Bermudy
33%
Stal Gorzów MoneyMakes
33%
Zielona Góra Morawski
33%
GKM Mr Garden
33%
Kolejarz Opole Ok
33%
Stal Gorzów Pergo
33%
Motor Lublin Platinum
33%
Start Gniezno Puls
33%
PoloniaBydgoszcz SkładyWęgla
33%
Start Gniezno Trilux
33%
Stal Gorzów TrulyWork
33%
Start Gniezno Ultrapur
33%
Start Gniezno Valtra
33%
Włókniarz Vitroszlif
33%
Włókniarz Złomrex
33%
Start Gniezno Aforti Holding
17%
PoloniaBydgoszcz Budlex
17%
Włókniarz Cognor
17%
Włókniarz Crossfit
17%
Start Gniezno Dark Dog
17%
Włókniarz Dospel
17%
Stal Gorzów Farbpol
17%
Start Gniezno Fular
17%
Włókniarz Kantor
17%
GKM Kunter
17%
GKM Kuntersztyn
17%
Stal Gorzów Michael
17%
Ks Toruń Netia
17%
Zielona Góra NovyHotel
17%
Polonia Piła ProNergy
17%
GKM Quick Mix
17%
GKM Roleski
17%
PSŻ Poznań SpecHouse
17%
Włókniarz ZielonaEnergia
17%
Kolejarz Opole Bedmet
0%
PoloniaBydgoszcz Bractwo
0%
GKM Browary Bydgoskie
0%
Stal Gorzów Brunat
0%
Kolejarz Opole CemWap
0%
Ks Toruń DGG
0%
Stal Rzeszów Fibrain
0%
Kolejarz Opole Noban
0%
PoloniaBydgoszcz Plusssz
0%
PoloniaBydgoszcz PointS
0%
Sparta Wrocław Polsat
0%
GKM Primus
0%
Wybrzeże Rafineria
0%
Kolejarz Opole Stal-met nieczaj
0%
Stal Rzeszów VanPur
0%
Włókniarz ViperPrint
0%
Nie znaleziono quizów pasujących do podanych kryteriów
Rozkład punktacji
Procent ludzi z każdym wynikiem
Percentyl według liczby udzielonych odpowiedzi
Twoja historia wyników
Nie rozwiązałeś tego quizu od ostatniego zresetowania